000 00534nam a22002177a 4500
003 Nust
005 20220112153447.0
008 170113b xxu||||| |||| 00| 0 eng d
020 _a978-81-7758-957-3
038 _aKhadija
040 _c.
082 _a547.0028
_bVOG
100 _a B. S. , Furniss
_9567
245 _aVogel's Textbook of Practical Organic Chemistry /
_cFurniss, B. S.
250 _a5th
260 _aNew Delhi
_bPearson
_c2008.
300 _a1514
500 _aPaperback.
563 _aPB
942 _cBK
_2ddc
999 _c31830
_d31830